Budování národních organizací YMCA v Československu a Polsku rozvoj tělesné kultury v letech 1918-1939

Bibliographic Details
Main Author: Tlustý Tomáš, 1987- (Author)
Format: Book
Language:Czech
Slovak
PhysicalDescription:340 strán faksimile, fotografie, 1 mapa, portréty 21 cm
Published: Praha Univerzita Karlova, nakladatelství Karolinum 2017
ISBN:9788024635590
Edition:První vydání
Subjects:

MARC

LEADER 00000cam a2200000 4500
001 vtls011747097
003 SK-MaSNL
005 20260506072651.0
008 200316s2017 xr hobc 001 0 cze
015 |a SNBZSA2018/05 
020 |a 9788024635590  |q (brožované) 
035 |a urn:nbn:sk:snk-am00dgu0 
035 |a urn:nbn:sk:snk-am3i1sh 
035 |a 56401BC8-BB00-4275-B159-5A9D9A03C7B9 
040 |a SNK  |b slo  |c SNK  |e rda 
041 0 |a cze  |a slo  |b eng 
043 |a e-cs---  |a e-pl--- 
044 |a xr  |c CZ 
072 7 |a 796  |x Šport. Hry. Telesné cvičenia  |2 konspekt 
080 |a [316.346.32-053.2]:061.2  |2 2011 
080 |a 37.016:796/799  |2 2011 
080 |a 796/799  |2 2011 
080 |a 94(437)  |2 2011 
080 |a (438)  |2 2011 
080 |a (048.8)  |2 2011 
100 1 |a Tlustý Tomáš,  |d 1987-  |4 aut  |9 557553 
245 1 0 |a Budování národních organizací YMCA v Československu a Polsku  |b rozvoj tělesné kultury v letech 1918-1939  |c Tomáš Tlustý 
246 3 |a rozvoj tělesné kultury v letech 1918-1939 
250 |a První vydání 
264 1 |a Praha  |b Univerzita Karlova, nakladatelství Karolinum  |c 2017 
300 |a 340 strán  |b faksimile, fotografie, 1 mapa, portréty  |c 21 cm 
336 |a text  |b txt  |2 rdacontent 
337 |a bez média  |b n  |2 rdamedia 
338 |a zväzok  |b nc  |2 rdacarrier 
504 |a Bibliografia na strane 319-330 ; bibliografické odkazy ; menný register 
546 |a Čiastočne slovenský text, anglické resumé 
610 2 7 |a Kresťanské združenie mladých ľudí (YMCA)  |2 SNKKA  |9 557554 
648 7 |a 1918-1939  |2 SNKPH  |9 283412 
650 0 7 |a organizácie detí a mládeže  |2 SNKPH  |9 75880 
650 0 7 |a Children's and youth organizations  |2 SNKPHeng  |9 266398 
650 0 7 |a telesná výchova  |2 SNKPH  |9 708 
650 0 7 |a Physical education  |2 SNKPHeng  |9 265416 
650 0 7 |a šport  |2 SNKPH  |9 1042 
650 0 7 |a šport  |2 SNKPHeng  |9 1042 
651 7 |a Československo  |x dejiny  |2 SNKPHgeo  |9 161432 
651 7 |a Czechoslovakia  |x History  |2 SNKPHeng  |9 125910 
651 7 |a Poľsko  |2 SNKPHgeo  |9 16755 
651 7 |a Poland  |2 SNKPHeng  |9 265193 
655 7 |a monografie  |2 SNKPH  |9 70139 
655 7 |a Monographs  |2 SNKPHeng  |9 120675 
852 |a Štátna vedecká knižnica v Banskej Bystrici 
919 |a 978-80-246-3559-0 
958 |a ZS 
958 |a NB 
999 |c 855308  |d 857238 
952 |a SNK  |b SNK  |y PREZ  |7 0  |p 17A1322522  |o snkSC 179038  |i snk2018/7702  |8 4  |g 14.62  |0 0  |1 0  |4 0  |d 2018-03-21  |f 1  |l 0  |r 2026-02-24 04:54:40  |w 2026-02-24